Holiday Quiz

Random Holiday or Clickable Quiz
Score 0/22 Timer 04:00
0 Plays Today
% Correct
Christmas
96.5%
New Year's Day
93.5%
Martin Luther King Jr. Day
92.2%
April Fools' Day
90.2%
Valentine's Day
89.9%
St. Patrick's Day
89.8%
Halloween
89.6%
Hanukkah
89%
Earth Day
88.9%
Groundhog Day
86.5%
Columbus Day
85.1%
% Correct
Thanksgiving
83.8%
Mardi Gras
83.5%
Father's Day
80.5%
Guy Fawkes Day
80.3%
Canada Day
75.7%
Easter
74.5%
Independence Day
73.4%
Labor Day
71.9%
Flag Day
71.7%
Festivus
66.1%
Boxing Day
61.4%
Remove Ads.
Support Sporcle.
Get the best of Sporcle when you Go Orange. This ad-free experience offers more features, more stats, and more fun while also helping to support Sporcle. Thank you for becoming a member.

You're not logged in!

Compare scores with friends on all Sporcle quizzes.
OR
Log In

Show Comments

Extras

Top Quizzes Today


Score Distribution

Your Account Isn't Verified!

In order to create a playlist on Sporcle, you need to verify the email address you used during registration. Go to your Sporcle Settings to finish the process.

Report this User

Report this user for behavior that violates our Community Guidelines.

Details: